Papá ya no vive con nosotros / (Registro nro. 30663)
[ vista simple ]
| 000 -LEADER | |
|---|---|
| fixed length control field | 00267nam a22000977a 4500 |
| 008 - FIXED-LENGTH DATA ELEMENTS--GENERAL INFORMATION | |
| fixed length control field | 240220b |||||||| |||| 00| 0 eng d |
| 082 ## - DEWEY DECIMAL CLASSIFICATION NUMBER | |
| Classification number | C |
| Item number | ALOP1 |
| 100 10 - MAIN ENTRY--PERSONAL NAME | |
| Personal name | Alonso, Manuel L. |
| Relator term | autor |
| 9 (RLIN) | 6303 |
| 245 ## - TITLE STATEMENT | |
| Title | Papá ya no vive con nosotros / |
| Statement of responsibility, etc. | Manuel L. Alonso |
| 942 ## - ADDED ENTRY ELEMENTS (KOHA) | |
| Source of classification or shelving scheme | Dewey Decimal Classification |
| Withdrawn status | Lost status | Source of classification or shelving scheme | Damaged status | Not for loan | Home library | Current library | Shelving location | Date acquired | Total Checkouts | Full call number | Barcode | Date last seen | Copy number | Price effective from | Koha item type | Public note |
|---|---|---|---|---|---|---|---|---|---|---|---|---|---|---|---|---|
| Dewey Decimal Classification | Biblored | Biblioteca Pública José María del Castillo y Rada | Children's Area | 02/16/2024 | C ALOP1 | 35714000731591 | 02/20/2024 | Ej.1 | 02/20/2024 | Books | Material Interbibliotecario BibloRed |